الصورة الاجتماعية والثقافية لسياسة تنظيم الأسرة في الصين من خلال رواية الضفدع لمو يان : (Record no. 179403)

MARC details
000 -LEADER
fixed length control field 04661namaa22004331i 4500
003 - CONTROL NUMBER IDENTIFIER
control field OSt
005 - أخر تعامل مع التسجيلة
control field 20260419111007.0
008 - FIXED-LENGTH DATA ELEMENTS--GENERAL INFORMATION
fixed length control field 250827s2025 ua a|||frm||| 000 0 eng d
040 ## - CATALOGING SOURCE
Original cataloguing agency EG-GICUC
Language of cataloging ara
Transcribing agency EG-GICUC
Modifying agency EG-GICUC
Description conventions rda
041 0# - LANGUAGE CODE
Language code of text/sound track or separate title ara
Language code of summary or abstract ara
-- eng
049 ## - Acquisition Source
Acquisition Source إيداع
082 04 - DEWEY DECIMAL CLASSIFICATION NUMBER
Classification number 895.1352
092 ## - LOCALLY ASSIGNED DEWEY CALL NUMBER (OCLC)
Classification number 895.1352
Edition number 21
097 ## - Degree
Degree دكتـــــوراه‎
099 ## - LOCAL FREE-TEXT CALL NUMBER (OCLC)
Local Call Number Cai01.02.09.Ph.D.2025.شي.ص
100 0# - MAIN ENTRY--PERSONAL NAME
Authority record control number or standard number ،شيماء سيد محمد الامير
Preparation إعداد.
245 12 - TITLE STATEMENT
Title الصورة الاجتماعية والثقافية لسياسة تنظيم الأسرة في الصين من خلال رواية الضفدع لمو يان :
Remainder of title دراسة تحليلية /
Statement of responsibility, etc. إعداد شيماء سيد محمد الامير؛ إشراف أ.د/ رحاب محمود أحمد صبح، أ.د/ شو يانغ فان.
246 15 - VARYING FORM OF TITLE
Title proper/short title The social and cultural image of family planning policy in china through the novel frog by mo yan :
Remainder of title Analytical study /
264 #0 - PRODUCTION, PUBLICATION, DISTRIBUTION, MANUFACTURE, AND COPYRIGHT NOTICE
Date of production, publication, distribution, manufacture, or copyright notice 2025.
300 ## - PHYSICAL DESCRIPTION
Extent 99 صفحة :
Other physical details إيضاحيات ؛
Dimensions 25 سم. +
Accompanying material CD.
336 ## - CONTENT TYPE
Content type term text
Source rda content
337 ## - MEDIA TYPE
Media type term Unmediated
Source rdamedia
338 ## - CARRIER TYPE
Carrier type term volume
Source rdacarrier
502 ## - DISSERTATION NOTE
Dissertation note أطروحة (دكتوراه)-جامعة القاهرة، 2025.
504 ## - BIBLIOGRAPHY, ETC. NOTE
Bibliography, etc. note ببليوجرافيا: صفحات 95-98.
520 ## - SUMMARY, ETC.
Summary, etc. "الضفدع" هي رواية للكاتب الصيني الشهير مو يان تعكس بعمق الصورة الاجتماعية والثقافية لسياسة تنظيم الأسرة في الصين. حازت هذة الرواية على جائزة ماو دون للأدب في عام ٢٠١١ وجائزة نوبل للأدب في عام٢٠١٢، وتعتبر واحدة من الأعمال الأدبية القليلة التي أثارت اهتمام القراء حيث فتحت باب النقاش العام حول سياسة تنظيم الأسرة، فهي ذات قيمة أدبية عالية وأهمية واقعية مؤثرة. يسلط البحث الضوء على رصد تطورات سياسة تنظيم الأسرة في الصين ويجري تحليلًا عميقًا لصورة الشخصيات المختلفة وعادات وتقاليد المجتمع التي أبرزتها الرواية، ويستخلص الآثار الإيجابية والسلبية التي خلفتها سياسة تنظيم الأسرة على الصين والشعب من الواقع ومن منظور الرواية، كما يتضمن البحث تقييمًا لوضع السياسة السكانية في مصر، مؤكدًا على أهمية تبادل التجارب بين الصين ومصر في مجال السياسة السكانية.
520 ## - SUMMARY, ETC.
Summary, etc. "The Frog" is a novel by the famous Chinese writer Mo Yan that deeply reflects the social and cultural image of family planning policy in China. This novel won the Mao Dun Prize for Literature in 2011 and the Nobel Prize for Literature in 2012. It is one of the few literary works that has aroused the interest of readers and opened up public debate on family planning policy, with high literary value and poignant factual significance. The research sheds light on the development of family planning policy in China and conducts an in-depth analysis of the various characters and societal customs and traditions highlighted in the novel. It extracts the positive and negative Effects of the family planning policy on China and the people from reality and from the perspective of the novel. The research also includes an assessment of the population policy situation in Egypt, stressing the importance of exchanging experiences between China and Egypt in the field of population policy.
530 ## - ADDITIONAL PHYSICAL FORM AVAILABLE NOTE
Issues CD صدر أيضًا كقرص مدمج.
546 ## - LANGUAGE NOTE
Text Language النص بالعربية والملخص باللغة الإنجليزية والعربية.
650 #7 - SUBJECT ADDED ENTRY--TOPICAL TERM
Topical term or geographic name entry element ‪القصص الصينية
Source of heading or term qrmak
650 #7 - SUBJECT ADDED ENTRY--TOPICAL TERM
Topical term or geographic name entry element الادب الصينى
653 #0 - INDEX TERM--UNCONTROLLED
Uncontrolled term سياسة تنظيم الأسرة
-- تحليل الشخصيات
-- عادات وتقاليد المجتمع
700 0# - ADDED ENTRY--PERSONAL NAME
Personal name رحاب محمود أحمد صبح
Relator term مشرف أطروحة.
700 0# - ADDED ENTRY--PERSONAL NAME
Personal name شو يانغ فان
Relator term مشرف أطروحة.
900 ## - Thesis Information
Grant date 16-04-2025
Supervisory body رحاب محمود أحمد صبح
-- شو يانغ فان
Universities جامعة القاهرة
Faculties كلية الآداب
Department قسم اللغة الصينية وآدابها
905 ## - Cataloger and Reviser Names
Cataloger Name Sara Salah
Reviser Names Afaf
942 ## - ADDED ENTRY ELEMENTS (KOHA)
Source of classification or shelving scheme Dewey Decimal Classification
Koha item type Thesis
Edition 21
Suppress in OPAC No
Holdings
Source of classification or shelving scheme Home library Current library Date acquired Inventory number Full call number Barcode Date last seen Effective from Koha item type
Dewey Decimal Classification المكتبة المركزبة الجديدة - جامعة القاهرة قاعة الرسائل الجامعية - الدور الاول 12.04.2026 33093 Cai01.02.09.Ph.D.2025.شي.ص 01010100033093000 12.04.2026 12.04.2026 Thesis
Cairo University Libraries Portal Implemented & Customized by: Eng. M. Mohamady Contacts: new-lib@cl.cu.edu.eg | cnul@cl.cu.edu.eg
CUCL logo CNUL logo
© All rights reserved — Cairo University Libraries
CUCL logo
Implemented & Customized by: Eng. M. Mohamady Contact: new-lib@cl.cu.edu.eg © All rights reserved — New Central Library
CNUL logo
Implemented & Customized by: Eng. M. Mohamady Contact: cnul@cl.cu.edu.eg © All rights reserved — Cairo National University Library